| 000 | 00616nam a2200217Ia 4500 | ||
|---|---|---|---|
| 005 | 20250508164405.0 | ||
| 008 | 008 250505s9999 xx 000 0 hin d | ||
| 020 | _a978-81-267-1389-9 | ||
| 037 | _aTextual | ||
| 040 |
_aFEDL _beng _cFEDL |
||
| 041 |
_ahin _2eng |
||
| 084 |
_a891.433, NIR _qFEDL |
||
| 100 | _aNirala Suryakant Tripathi | ||
| 245 | 0 | _aBillesur bakariha | |
| 260 |
_aNew Delhi, India _bRaj Kamal Parkashan Pvt Ltd _c2007 |
||
| 300 | _a143p. | ||
| 365 |
_aINR _b175 |
||
| 650 |
_aHindi literature-Fiction _9722739 |
||
| 942 |
_cTEXL _h891.433, NIR |
||
| 999 |
_c1388903 _d1388903 |
||